000
00307nam a2200109Ia 4500
008
171211s9999 xx 000 0 und d
245
_a
Complex Sentences in Grammar and Discourse
245
_c
Joan L. Bybee
260
_c
2002
650
_x
CULTURE
856
_u
http://down.ebook777.com/061/9781588111173.pdf
999
_c
347879
_d
347879